000 00773nam a2200217Ii 4500
003 JO-AjNU
008 230605s9999||||xx |||||||||||||| ||und||
017 _a14638/2012
020 _a978-977-273-753-6
040 _aJO-AjNU
_bara
_erda
_cJO-AjNU
041 _aara
050 1 4 _aBF637.C6.M8388.2013
100 3 _aعمر، ماهر محمود,
_eauthor
_944587
245 0 0 _aالمقابلة في الإرشاد والعلاج النفسي
264 3 1 _aالاسكندرية:دار المعرفة الجامعية ، 2013
300 _a609ص
_bمصطلحات من ص591-ص596
336 _atext
_btxt
_2rdacontent
337 _aunmediated
_bn
_2rdamedia
338 _avolume
_bnc
_2rdacarrier
650 4 _aالارشاد النفسي-العلاج النفسي
_944588
999 _aA19263
_c22831
_d22831